[Event "KLASYFIKACYJNY BIALYSTOK WIOSNA 2012"]
[Site "ZSI Nr 1 Bialystok"]
[Date "2012.??.??"]
[Round "9.3"]
[White "Filewicz, Przemyslaw"]
[Black "Borawski, Jakub"]
[Result "1/2-1/2"]
[WhiteElo "1631"]
[BlackElo "1926"]
[PlyCount "115"]
[EventDate "2012.??.??"]

1. d4 Nf6 2. Nf3 e6 3. c4 Bb4+ 4. Bd2 Qe7 5. Nc3 b6 6. e3 Bb7 7. Bd3 Bxc3 8.
Bxc3 Ne4 9. O-O f5 10. Ne5 O-O 11. f4 Nxc3 12. bxc3 d6 13. Nf3 Nd7 14. Qc2 Nf6
15. Rae1 Ne4 16. Nd2 d5 17. Nf3 Nd6 18. Ne5 c5 19. Qe2 Rac8 20. cxd5 exd5 21.
Rf3 cxd4 22. cxd4 Rc3 23. Rh3 g6 24. Rg3 Rf6 25. h4 Bc6 26. Qb2 Rxd3 27. Nxd3
Nc4 28. Qb4 Qxb4 29. Nxb4 Bb7 30. h5 Kg7 31. hxg6 hxg6 32. Nd3 Ba6 33. Ne5 Nd2
34. Rc1 Bc4 35. Rh3 b5 36. Rc2 Ne4 37. g4 fxg4 38. Nxg4 Rf5 39. Rch2 Rh5 40.
Rxh5 gxh5 41. Rxh5 Bxa2 42. Rh2 Bc4 43. Rg2 Kf8 44. f5 a5 45. Nh6 a4 46. Rg8+
Ke7 47. Ra8 b4 48. Rxa4 b3 49. Rb4 Nc3 50. Kf2 b2 51. Kf3 b1=Q 52. Rxb1 Nxb1
53. Kf4 Nd2 54. Kg5 Ne4+ 55. Kg6 Nf6 56. Nf7 Bb5 57. Ne5 Be8+ 58. Kg7 1/2-1/2

[Event "KLASYFIKACYJNY BIALYSTOK WIOSNA 2012"]
[Site "ZSI Nr 1 Bialystok"]
[Date "2012.??.??"]
[Round "9.4"]
[White "Szostko, Jakub"]
[Black "Widelski, Kacper"]
[Result "1/2-1/2"]
[WhiteElo "1740"]
[BlackElo "1533"]
[PlyCount "98"]
[EventDate "2012.??.??"]

1. e4 c5 2. Nf3 Nc6 3. d4 cxd4 4. Nxd4 Nf6 5. f3 d6 6. c4 g6 7. Be3 Bg7 8. Qd2
O-O 9. Be2 Nd7 10. Nc3 Qa5 11. O-O Nc5 12. Rfd1 Ne6 13. Nxe6 Bxe6 14. Nd5 Qd8
15. Rac1 b6 16. Bg5 Re8 17. b4 Rb8 18. b5 Nd4 19. Bf1 Bd7 20. Bh6 Bh8 21. Be3
Ne6 22. g3 Bc8 23. f4 Nc5 24. Bg2 Bb7 25. Bd4 Bxd4+ 26. Qxd4 Bxd5 27. exd5 Qd7
28. h3 h5 29. Kh2 Rbc8 30. Bf3 Qb7 31. Rc3 a6 32. g4 h4 33. f5 g5 34. f6 axb5
35. cxb5 exf6 36. Qxf6 Qe7 37. Qxe7 Rxe7 38. Kg2 Kg7 39. Rc2 Kf6 40. Rf2 Kg6
41. Rc2 Kf6 42. Rd4 Ra8 43. Rf2 Kg6 44. Bd1 Ra3 45. Bc2+ Kg7 46. Bb3 Nxb3 47.
Rd3 Re5 48. axb3 Ra5 49. Rdf3 Re7 1/2-1/2

[Event "KLASYFIKACYJNY BIALYSTOK WIOSNA 2012"]
[Site "ZSI Nr 1 Bialystok"]
[Date "2012.??.??"]
[Round "9.5"]
[White "Kurnicki, Mateusz"]
[Black "Walewski, Wojciech"]
[Result "0-1"]
[WhiteElo "1541"]
[BlackElo "2075"]
[PlyCount "84"]
[EventDate "2012.??.??"]

1. f4 Nf6 2. b3 b6 3. Bb2 Bb7 4. Nf3 e6 5. e3 Be7 6. Bd3 c5 7. O-O Qc7 8. Qe1
Nc6 9. a3 d6 10. h3 h6 11. Nc3 Rg8 12. f5 e5 13. e4 g6 14. fxg6 fxg6 15. Nb5
Qd7 16. c4 g5 17. Nh2 Nd4 18. Bxd4 cxd4 19. a4 a6 20. Na3 Qc6 21. Rd1 Nxe4 22.
Bxe4 Qxe4 23. Qxe4 Bxe4 24. d3 Bg6 25. Nc2 Rf8 26. Nb4 Kd7 27. g4 b5 28. axb5
axb5 29. Rxf8 Bxf8 30. Nf3 Ra3 31. Nd2 bxc4 32. dxc4 Bg7 33. Rc1 e4 34. c5 dxc5
35. Rxc5 e3 36. Nc4 Ra1+ 37. Kg2 e2 38. Nb6+ Ke8 39. Rc8+ Kf7 40. Rc7+ Kg8 41.
N4d5 e1=Q 42. Ne7+ Kh7 0-1